[Event "NOR-chT Elite 1920"]
[Site "Norway"]
[Date "2020.03.08"]
[Round "9.3"]
[White "Royset, Pal"]
[Black "Saevareid, Ove"]
[Result "1-0"]
[WhiteElo "2149"]
[BlackElo "2128"]
[PlyCount "65"]
[EventDate "2019.11.01"]
[EventType "team-tourn"]
[EventRounds "9"]
[EventCountry "NOR"]
[SourceTitle "CBM 195 Extra"]
[Source "ChessBase"]
[SourceDate "2020.05.31"]
[SourceVersion "1"]
[SourceVersionDate "2020.05.31"]
[SourceQuality "1"]
[WhiteTeam "Tromsoe"]
[BlackTeam "SK 96"]
[WhiteTeamCountry "NOR"]
[BlackTeamCountry "NOR"]

1. e4 e5 2. Nf3 Nc6 3. Bc4 Be7 4. 0-0 d6 5. Re1 Nf6 6. h3 0-0 7. Bb3 h6 8. c3 Re8 9. d4 Bf8 10. Nbd2 Bd7 11. a3 a5 12. Ba2 Qb8 13. Qb3 Nd8 14. Nh4 exd4 15. cxd4 Be6 16. Qg3 Bxa2 17. Rxa2 Qc8 18. Re3 Nc6 19. Nf5 Kh7 20. Qf4 Nh5 21. Qh4 g6 22. Nf3 Qd8 23. d5 Ne5 24. Qxd8 Raxd8 25. N5d4 Nxf3+ 26. gxf3 Bg7 27. Rd3 Be5 28. b3 c5 29. dxc6 bxc6 30. Nxc6 Rc8 31. Rc2 Rc7 32. Rc4 a4 33. Nxe5 1-0

[Event "NOR-chT Elite 1920"]
[Site "Norway"]
[Date "2020.03.07"]
[Round "8.4"]
[White "Saevareid, Ove"]
[Black "Kaasen, Tor Fredrik"]
[Result "0-1"]
[WhiteElo "2128"]
[BlackElo "2403"]
[PlyCount "94"]
[EventDate "2019.11.01"]
[EventType "team-tourn"]
[EventRounds "9"]
[EventCountry "NOR"]
[SourceTitle "CBM 195 Extra"]
[Source "ChessBase"]
[SourceDate "2020.05.31"]
[SourceVersion "1"]
[SourceVersionDate "2020.05.31"]
[SourceQuality "1"]
[WhiteTeam "SK 96"]
[BlackTeam "Valerenga"]
[WhiteTeamCountry "NOR"]
[BlackTeamCountry "NOR"]

1. c4 c5 2. g3 Nc6 3. Bg2 g6 4. Nc3 Bg7 5. d3 b6 6. Nf3 Bb7 7. 0-0 e6 8. Bf4 d6 9. Qc1 h6 10. Nb5 e5 11. Bd2 Nge7 12. e4 g5 13. Ne1 Qd7 14. Qd1 0-0 15. Nc3 Nd4 16. f4 exf4 17. gxf4 gxf4 18. Bxf4 f5 19. Qh5 fxe4 20. dxe4 Rf6 21. Nd3 Raf8 22. Bg3 Rxf1+ 23. Rxf1 Rxf1+ 24. Bxf1 Qe6 25. Bg2 Qxc4 26. Qe8+ Bf8 27. Nf4 Qf7 28. Qa4 a6 29. Ncd5 b5 30. Qd1 Bg7 31. Qg4 Bxd5 32. exd5 Qf5 33. Qd1 Be5 34. Nh5 Ng6 35. Bxe5 Nxe5 36. Ng3 Qg5 37. Ne4 Nef3+ 38. Kh1 Qf4 39. Bxf3 Nxf3 40. Qe2 Nxh2 41. Nd2 Ng4 42. Qe8+ Kg7 43. Qe7+ Kg6 44. Qe8+ Kg5 45. Qe7+ Nf6 46. Qg7+ Kf5 47. Qg2 Qh4+ 0-1

[Event "NOR-chT Elite 1920"]
[Site "Norway"]
[Date "2020.01.19"]
[Round "6.2"]
[White "Grebstad, Kjell Borre"]
[Black "Saevareid, Ove"]
[Result "1/2-1/2"]
[WhiteElo "2065"]
[BlackElo "2136"]
[PlyCount "151"]
[EventDate "2019.11.01"]
[EventType "team-tourn"]
[EventRounds "9"]
[EventCountry "NOR"]
[SourceTitle "CBM 195 Extra"]
[Source "ChessBase"]
[SourceDate "2020.05.31"]
[SourceVersion "1"]
[SourceVersionDate "2020.05.31"]
[SourceQuality "1"]
[WhiteTeam "SOSS"]
[BlackTeam "SK 96"]
[WhiteTeamCountry "NOR"]
[BlackTeamCountry "NOR"]

1. d4 d5 2. c4 e6 3. g3 Nf6 4. Nf3 dxc4 5. Bg2 a6 6. 0-0 b5 7. Ne5 Nd5 8. a4 Bb7 9. axb5 axb5 10. Rxa8 Bxa8 11. e4 Nf6 12. Nc3 c6 13. Be3 Bb4 14. Qe2 Qa5 15. Bd2 Nbd7 16. Nxd7 Nxd7 17. d5 0-0 18. dxe6 fxe6 19. Bh3 Re8 20. Rd1 Nf8 21. Qh5 Rd8 22. Qe2 c5 23. Rc1 Qb6 24. Bg5 Rd4 25. Bg2 Rd3 26. Qh5 Bxc3 27. bxc3 Qc6 28. f3 Qd7 29. Bf4 Rd1+ 30. Rxd1 Qxd1+ 31. Bf1 Bxe4 32. Qxc5 Bd3 33. Qf2 Nd7 34. Kg2 Qxf1+ 35. Qxf1 Bxf1+ 36. Kxf1 e5 37. Be3 Kf7 38. Ke2 Ke6 39. Bc1 Kd5 40. Ba3 Nc5 41. Ke3 Nd3 42. Bf8 g6 43. Be7 Nc5 44. Bf8 Ne6 45. Bb4 Ng7 46. g4 Ne6 47. Be7 Nf4 48. h4 Ke6 49. Bg5 Nd5+ 50. Kd2 h5 51. Bd8 Kd6 52. Bg5 Kc5 53. Bh6 b4 54. Bf8+ Kb5 55. cxb4 Nxb4 56. gxh5 gxh5 57. Bd6 Nd3 58. Kc3 Ne1 59. Bxe5 Nxf3 60. Bf6 Kc5 61. Be7+ Kd5 62. Bf6 Nh2 63. Bd8 Ng4 64. Bg5 Nf2 65. Bd8 Ne4+ 66. Kc2 Kd4 67. Bb6+ Ke5 68. Bd8 Kf4 69. Be7 Kg4 70. Bd8 Nd6 71. Kc3 Nf5 72. Kxc4 Nxh4 73. Kd3 Nf3 74. Ke2 Ng5 75. Kf1 h4 76. Bxg5 1/2-1/2

[Event "NOR-chT Elite 1920"]
[Site "Norway"]
[Date "2020.01.17"]
[Round "4.4"]
[White "Saevareid, Ove"]
[Black "Risting, Eivind Olav"]
[Result "0-1"]
[WhiteElo "2136"]
[BlackElo "2306"]
[PlyCount "42"]
[EventDate "2019.11.01"]
[EventType "team-tourn"]
[EventRounds "9"]
[EventCountry "NOR"]
[SourceTitle "CBM 195 Extra"]
[Source "ChessBase"]
[SourceDate "2020.05.31"]
[SourceVersion "1"]
[SourceVersionDate "2020.05.31"]
[SourceQuality "1"]
[WhiteTeam "SK 96"]
[BlackTeam "Oslo SK 1911"]
[WhiteTeamCountry "NOR"]
[BlackTeamCountry "NOR"]

1. c4 e5 2. g3 Nc6 3. Nc3 Bc5 4. Bg2 d6 5. e3 a6 6. Nge2 Ba7 7. b3 h5 8. h4 Nh6 9. Bb2 Bf5 10. Nd5 Qd7 11. e4 Bg4 12. f3 Be6 13. d4 f5 14. Qd2 fxe4 15. f4 0-0-0 16. Bxe4 Ng4 17. Bf3 Rhe8 18. 0-0 Bf5 19. Nb4 Nxb4 20. Qxb4 c5 21. Qd2 cxd4 0-1

[Event "NOR-chT Elite 1920"]
[Site "Norway"]
[Date "2019.11.01"]
[Round "1.3"]
[White "Nielsen, Andre"]
[Black "Saevareid, Ove"]
[Result "1-0"]
[WhiteElo "2192"]
[BlackElo "2130"]
[PlyCount "59"]
[EventDate "2019.11.01"]
[EventType "team-tourn"]
[EventRounds "9"]
[EventCountry "NOR"]
[SourceTitle "CBM 194 Extra"]
[Source "ChessBase"]
[SourceDate "2020.03.31"]
[SourceVersion "1"]
[SourceVersionDate "2020.03.31"]
[SourceQuality "1"]
[WhiteTeam "Alta"]
[BlackTeam "SK 96"]
[WhiteTeamCountry "NOR"]
[BlackTeamCountry "NOR"]

1. e4 e5 2. Nf3 Nc6 3. Bc4 Bc5 4. c3 Nf6 5. d3 a6 6. 0-0 d6 7. Bb3 0-0 8. Nbd2 Ba7 9. Re1 Ne7 10. Nf1 Ng6 11. Ng3 c6 12. h3 Be6 13. d4 Bxb3 14. Qxb3 Qc7 15. Bg5 Ne8 16. Rad1 Kh8 17. Nf5 f6 18. Be3 Ne7 19. Qe6 Nxf5 20. exf5 Rd8 21. Qb3 b5 22. dxe5 Bxe3 23. e6 Bc5 24. e7 d5 25. exf8Q+ Bxf8 26. Nd4 Rc8 27. Ne6 Qf7 28. Nxf8 Qxf8 29. Re6 Qc5 30. Rde1 1-0

[Event "NOR-chT Club"]
[Site "Bergen"]
[Date "2018.05.13"]
[Round "5.5"]
[White "Saevareid, Ove"]
[Black "Simensen, Vegard"]
[Result "1/2-1/2"]
[WhiteElo "2166"]
[BlackElo "1971"]
[PlyCount "84"]
[EventDate "2018.05.10"]
[EventType "team-swiss"]
[EventRounds "6"]
[EventCountry "NOR"]
[SourceTitle "EXT 2019"]
[Source "ChessBase"]
[SourceDate "2018.10.10"]
[SourceVersion "1"]
[SourceVersionDate "2018.10.10"]
[SourceQuality "1"]
[WhiteTeam "SK 96"]
[BlackTeam "Kristiansund"]
[WhiteTeamCountry "NOR"]
[BlackTeamCountry "NOR"]

1. c4 e5 2. g3 Nc6 3. Nc3 f5 4. Nf3 Nf6 5. d4 e4 6. Nh4 d6 7. f3 Be7 8. Ng2 d5 9. cxd5 Nxd5 10. e3 Bb4 11. Bd2 Be6 12. fxe4 fxe4 13. Nxd5 Bxd2+ 14. Qxd2 Bxd5 15. Nf4 Bf7 16. Bb5 0-0 17. 0-0 Qd6 18. Bxc6 Qxc6 19. Rac1 Qd6 20. a3 c6 21. Qc2 g5 22. Nh3 Qg6 23. Qc5 h6 24. Kg2 Qe6 25. Ng1 Qb3 26. Qc3 Qxc3 27. Rxc3 Be6 28. Rcc1 Kg7 29. Rxf8 Rxf8 30. Rf1 Rd8 31. Rc1 Rf8 32. h3 Rf5 33. Rc2 Rb5 34. Kf2 Kf6 35. Kg2 Rb3 36. Kf2 Rb5 37. g4 Bb3 38. Rd2 Bc4 39. Ne2 Bxe2 40. Kxe2 Ke6 41. Rc2 Rb3 42. Kf2 Rb5 1/2-1/2

[Event "NOR-chT 1617"]
[Site "Norway"]
[Date "2017.03.03"]
[Round "7.1"]
[White "Lie, Kjetil A"]
[Black "Saevareid, Ove"]
[Result "1-0"]
[WhiteElo "2524"]
[BlackElo "2177"]
[PlyCount "44"]
[EventDate "2016.10.28"]
[EventType "team-tourn"]
[EventRounds "9"]
[EventCountry "NOR"]
[SourceTitle "EXT 2018"]
[Source "ChessBase"]
[SourceDate "2017.10.13"]
[SourceVersion "1"]
[SourceVersionDate "2017.10.13"]
[SourceQuality "1"]
[WhiteTeam "Valerenga"]
[BlackTeam "SK 96"]
[WhiteTeamCountry "NOR"]
[BlackTeamCountry "NOR"]

1. c4 e6 2. Nc3 d5 3. e3 Nf6 4. Nf3 Be7 5. b3 0-0 6. Bb2 b6 7. d4 Bb7 8. Bd3 Nbd7 9. 0-0 c5 10. Qe2 Rc8 11. cxd5 Nxd5 12. Nxd5 Bxd5 13. Rfd1 cxd4 14. Nxd4 Qc7 15. Qh5 Nf6 16. Qh3 h6 17. f3 Rfd8 18. Kh1 Qb7 19. e4 Bc6 20. e5 Nd5 21. Nxe6 fxe6 22. Qxe6+ Kf8 1-0

[Event "NOR-chT 1617"]
[Site "Norway"]
[Date "2017.01.13"]
[Round "4.3"]
[White "Saevareid, Ove"]
[Black "Hammerstad, Asmund"]
[Result "1/2-1/2"]
[WhiteElo "2177"]
[BlackElo "2228"]
[PlyCount "90"]
[EventDate "2016.10.28"]
[EventType "team-tourn"]
[EventRounds "9"]
[EventCountry "NOR"]
[SourceTitle "EXT 2018"]
[Source "ChessBase"]
[SourceDate "2017.10.13"]
[SourceVersion "1"]
[SourceVersionDate "2017.10.13"]
[SourceQuality "1"]
[WhiteTeam "SK 96"]
[BlackTeam "Asker"]
[WhiteTeamCountry "NOR"]
[BlackTeamCountry "NOR"]

1. c4 f5 2. g3 Nf6 3. Bg2 e5 4. Nf3 Nc6 5. 0-0 Be7 6. Nc3 0-0 7. d4 d6 8. b3 a5 9. dxe5 dxe5 10. Bb2 e4 11. Ne1 Bc5 12. Nc2 Nb4 13. Nxb4 axb4 14. Na4 Be7 15. Be5 Bd7 16. Nb2 Ra5 17. Bf4 Bc5 18. Qd2 Qc8 19. a4 Rd8 20. Rad1 Be7 21. Qc2 Ra8 22. Rd2 h6 23. Nd1 Be6 24. Rxd8+ Qxd8 25. Ne3 c6 26. Rd1 Qf8 27. Be5 Nd7 28. Bb2 Nc5 29. Bd4 Bf6 30. Bxc5 Qxc5 31. Qb1 Bd4 32. Qc1 Rd8 33. Kf1 Rd7 34. Nc2 Kf7 35. Nxd4 Rxd4 36. e3 Rxd1+ 37. Qxd1 b5 38. axb5 cxb5 39. cxb5 Qxb5+ 40. Ke1 Qc5 41. g4 Qc3+ 42. Qd2 Qxb3 43. gxf5 Bxf5 44. Qc1 Qa3 45. Qc4+ Kg6 1/2-1/2

[Event "NOR-chT Elite qual"]
[Site "Oslo"]
[Date "2016.04.02"]
[Round "2.1"]
[White "Lund, Terje"]
[Black "Saevareid, Ove"]
[Result "0-1"]
[WhiteElo "2130"]
[BlackElo "2165"]
[PlyCount "80"]
[EventDate "2016.04.01"]
[EventType "team"]
[EventRounds "3"]
[EventCountry "NOR"]
[SourceTitle "CBM 171 Extra"]
[Source "ChessBase"]
[SourceDate "2016.04.26"]
[SourceVersion "1"]
[SourceVersionDate "2016.04.26"]
[SourceQuality "1"]
[WhiteTeam "Levanger"]
[BlackTeam "SK 96"]
[WhiteTeamCountry "NOR"]
[BlackTeamCountry "NOR"]

1. d4 d5 2. c4 e6 3. Nc3 Be7 4. Nf3 Nf6 5. cxd5 exd5 6. Bg5 Nbd7 7. e3 c6 8. Bd3 0-0 9. Qc2 Re8 10. 0-0 Nf8 11. h3 Nh5 12. Bxe7 Qxe7 13. Rab1 g6 14. b4 a6 15. a4 Be6 16. b5 axb5 17. axb5 c5 18. dxc5 Qxc5 19. Rfc1 Rec8 20. Nd4 Nf6 21. Qd2 Qd6 22. Rd1 N8d7 23. e4 dxe4 24. Bxe4 Rxc3 25. Qxc3 Nxe4 26. Qe3 Bd5 27. Nc2 Nef6 28. Nb4 Nb6 29. Rd4 Re8 30. Qh6 Re4 31. Qd2 Qe5 32. Rd1 Rxd4 33. Qxd4 Qg5 34. Nxd5 Nbxd5 35. h4 Qh5 36. Re1 Qf5 37. Rd1 Nf4 38. Qd8+ Kg7 39. Rd6 Ne4 40. Rd1 Qg4 0-1

[Event "NOR-chT Elite qual"]
[Site "Oslo"]
[Date "2016.03.31"]
[Round "1.2"]
[White "Haug, Johannes"]
[Black "Saevareid, Ove"]
[Result "1-0"]
[WhiteElo "2244"]
[BlackElo "2165"]
[PlyCount "42"]
[EventDate "2016.03.31"]
[EventType "team-tourn"]
[EventRounds "3"]
[EventCountry "NOR"]
[SourceTitle "EXT 2019"]
[Source "ChessBase"]
[SourceDate "2018.10.10"]
[SourceVersion "1"]
[SourceVersionDate "2018.10.10"]
[SourceQuality "1"]
[WhiteTeam "Nordstrand"]
[BlackTeam "SK 96"]
[WhiteTeamCountry "NOR"]
[BlackTeamCountry "NOR"]

1. e4 e5 2. Nf3 Nc6 3. Bc4 Bc5 4. c3 Nf6 5. d3 0-0 6. 0-0 d6 7. Bb3 Ne7 8. d4 Bb6 9. Re1 Ng6 10. Nbd2 c6 11. Nf1 Bg4 12. Ng3 Nh5 13. Nf5 exd4 14. h3 Bxf5 15. exf5 Nh4 16. Nxd4 g6 17. fxg6 hxg6 18. Qg4 Bxd4 19. cxd4 Nf5 20. Qxg6+ Nhg7 21. Qg4 d5 1-0

[Event "Bergens Spring A"]
[Site "Bergen"]
[Date "2015.04.15"]
[Round "5"]
[White "Hagesaether, Arne"]
[Black "Saevareid, Ove"]
[Result "0-1"]
[WhiteElo "2050"]
[BlackElo "2100"]
[PlyCount "40"]
[EventDate "2015.01.20"]
[EventType "tourn"]
[EventRounds "7"]
[EventCountry "NOR"]
[SourceTitle "EXT 2024"]
[Source "ChessBase"]
[SourceDate "2023.10.10"]
[SourceVersion "1"]
[SourceVersionDate "2023.10.10"]
[SourceQuality "1"]

1. e4 e5 2. Nf3 Nc6 3. d4 exd4 4. Nxd4 Nf6 5. Nxc6 bxc6 6. e5 Qe7 7. Qe2 Nd5 8. c4 Nb6 9. b3 a5 10. Ba3 Qe6 11. g3 Bxa3 12. Nxa3 0-0 13. f4 f6 14. exf6 Qxf6 15. Rd1 a4 16. Rd3 axb3 17. Rxb3 d5 18. Kf2 dxc4 19. Nxc4 Nxc4 20. Qxc4+ Be6 0-1

[Event "NOR-chT 1415"]
[Site "Norway"]
[Date "2015.02.07"]
[Round "7.6"]
[White "Saevareid, Ove"]
[Black "Hagesaether, Paal Vegard"]
[Result "1/2-1/2"]
[WhiteElo "2155"]
[BlackElo "2278"]
[PlyCount "103"]
[EventDate "2014.10.31"]
[EventType "team-tourn"]
[EventRounds "11"]
[EventCountry "NOR"]
[SourceTitle "EXT 2016"]
[Source "ChessBase"]
[SourceDate "2015.10.08"]
[SourceVersion "1"]
[SourceVersionDate "2015.10.08"]
[SourceQuality "1"]
[WhiteTeam "SK 96"]
[BlackTeam "Oslo Akademisk"]
[WhiteTeamCountry "NOR"]
[BlackTeamCountry "NOR"]

1. c4 e5 2. g3 g6 3. Bg2 Bg7 4. Nc3 Nc6 5. e4 d6 6. Nge2 f5 7. d3 Nf6 8. 0-0 0-0 9. exf5 Bxf5 10. d4 Qd7 11. dxe5 Nxe5 12. c5 Bh3 13. cxd6 Bxg2 14. Kxg2 cxd6 15. Nd4 d5 16. Bf4 Nc6 17. Re1 Rae8 18. Qd3 Ne4 19. Nxe4 Bxd4 20. Nc3 Rf5 21. Rxe8+ Qxe8 22. Rd1 Qf7 23. Rd2 g5 24. Be3 Rf3 25. Qe2 Bxe3 26. fxe3 Rf5 27. e4 dxe4 28. Qxe4 Re5 29. Qg4 Qe6 30. Qxe6+ Rxe6 31. Rd7 Re7 32. Rxe7 Nxe7 33. Ne4 h6 34. Nd6 b6 35. Kf3 Kg7 36. Ke4 Kf6 37. g4 Ke6 38. Nb5 Nc6 39. Nc7+ Kd7 40. Nd5 Ke6 41. Ne3 Ne5 42. h3 Nd7 43. Nf5 Nf6+ 44. Kd4 h5 45. Ng7+ Kf7 46. Nxh5 Nxh5 47. gxh5 Kg7 48. Ke5 Kh6 49. Kf5 Kxh5 50. b4 b5 51. Kf6 Kh6 52. Kf5 1/2-1/2

[Event "Bergens Autumn"]
[Site "Bergen"]
[Date "2014.11.18"]
[Round "1"]
[White "Haldorsen, Benjamin"]
[Black "Saevareid, Ove"]
[Result "1-0"]
[WhiteElo "1979"]
[BlackElo "2126"]
[PlyCount "93"]
[EventDate "2014.09.09"]
[EventType "tourn"]
[EventRounds "5"]
[EventCountry "NOR"]
[SourceTitle "EXT 2024"]
[Source "ChessBase"]
[SourceDate "2023.10.10"]
[SourceVersion "1"]
[SourceVersionDate "2023.10.10"]
[SourceQuality "1"]

1. e4 e6 2. d4 d5 3. Nc3 dxe4 4. Nxe4 Bd7 5. Nf3 Bc6 6. Bd3 Nd7 7. Qe2 Ngf6 8. Ng3 Be7 9. Bd2 Bxf3 10. gxf3 c6 11. 0-0-0 Qb6 12. c3 0-0-0 13. Ne4 Nxe4 14. fxe4 e5 15. Be3 Qa5 16. Kb1 Kb8 17. f4 f6 18. h4 Ka8 19. h5 Rhe8 20. Rhg1 Bf8 21. Bc2 c5 22. dxe5 fxe5 23. f5 Nf6 24. Rxd8+ Rxd8 25. Bg5 h6 26. Bh4 b5 27. Rg6 Qb6 28. Qe3 Rd6 29. Qf3 c4 30. Bf2 Qc7 31. Bh4 Qd7 32. Bg3 Qe7 33. Bh4 Kb8 34. Bf2 Nd7 35. Rg1 Qd8 36. Rd1 Rxd1+ 37. Qxd1 Qc7 38. Qd5 a6 39. a4 Qd6 40. Qf7 Kb7 41. Bg3 Kc6 42. Qe8 Kc7 43. Bh4 Qc5 44. Qa8 Qc6 45. Qxc6+ Kxc6 46. axb5+ axb5 47. Bd1 1-0

[Event "NOR-chT 1415"]
[Site "Norway"]
[Date "2014.11.01"]
[Round "2.5"]
[White "Gabrielsen, Stig"]
[Black "Saevareid, Ove"]
[Result "1/2-1/2"]
[WhiteElo "2356"]
[BlackElo "2155"]
[PlyCount "59"]
[EventDate "2014.10.31"]
[EventType "team-tourn"]
[EventRounds "11"]
[EventCountry "NOR"]
[SourceTitle "EXT 2015"]
[Source "ChessBase"]
[SourceDate "2014.11.20"]
[SourceVersion "1"]
[SourceVersionDate "2014.11.20"]
[SourceQuality "1"]
[WhiteTeam "Bergens"]
[BlackTeam "SK 96"]
[WhiteTeamCountry "NOR"]
[BlackTeamCountry "NOR"]

1. e4 e5 2. Nf3 Nc6 3. Bb5 a6 4. Ba4 Nf6 5. 0-0 Be7 6. Re1 b5 7. Bb3 d6 8. c3 0-0 9. h3 Nb8 10. d4 Nbd7 11. Nbd2 Bb7 12. Bc2 Re8 13. Nf1 Bf8 14. Ng3 g6 15. b3 Bg7 16. Bb2 c6 17. a4 Qc7 18. Qb1 d5 19. exd5 Nxd5 20. b4 exd4 21. Nxd4 c5 22. bxc5 Qxc5 23. Ne4 Qb6 24. axb5 axb5 25. Rxa8 Rxa8 26. Bb3 Nc5 27. Nxc5 Qxc5 28. Qd3 b4 29. cxb4 Nxb4 30. Qc3 1/2-1/2

[Event "Bergens Autumn"]
[Site "Bergen"]
[Date "2014.09.30"]
[Round "2"]
[White "Saevareid, Ove"]
[Black "Selbekk, Vebjorn"]
[Result "0-1"]
[WhiteElo "2126"]
[BlackElo "1954"]
[PlyCount "64"]
[EventDate "2014.09.09"]
[EventType "tourn"]
[EventRounds "5"]
[EventCountry "NOR"]
[SourceTitle "EXT 2024"]
[Source "ChessBase"]
[SourceDate "2023.10.10"]
[SourceVersion "1"]
[SourceVersionDate "2023.10.10"]
[SourceQuality "1"]

1. c4 e5 2. g3 d6 3. Nc3 f5 4. Nf3 Nf6 5. d4 e4 6. Ng5 Be7 7. Bg2 c6 8. 0-0 Na6 9. f3 d5 10. cxd5 cxd5 11. fxe4 fxe4 12. Qa4+ Qd7 13. Qb3 h6 14. Nh3 g5 15. Nf2 Nc7 16. Be3 b6 17. Rac1 Ba6 18. Nfxe4 dxe4 19. Nxe4 Nfd5 20. Rxc7 Nxc7 21. Nf6+ Bxf6 22. Rxf6 0-0-0 23. Rf7 Qb5 24. Qc2 Qc4 25. Qf5+ Kb8 26. h4 Qxe2 27. Qe5 Qc4 28. Bd5 Qc2 29. Be6 Rhe8 30. Rf6 Qb1+ 31. Kh2 Qxb2+ 32. Bf2 Rxe6 0-1

[Event "Bergens Spring A"]
[Site "Bergen"]
[Date "2014.04.01"]
[Round "1"]
[White "Hagesaether, Arne"]
[Black "Saevareid, Ove"]
[Result "1-0"]
[WhiteElo "2079"]
[BlackElo "2110"]
[PlyCount "65"]
[EventDate "2014.01.21"]
[EventType "tourn"]
[EventRounds "5"]
[EventCountry "NOR"]
[SourceTitle "EXT 2024"]
[Source "ChessBase"]
[SourceDate "2023.10.10"]
[SourceVersion "1"]
[SourceVersionDate "2023.10.10"]
[SourceQuality "1"]

1. e4 e5 2. f4 d5 3. exd5 exf4 4. Nf3 Nf6 5. Bc4 Nxd5 6. 0-0 Be6 7. Bb3 Be7 8. d4 0-0 9. c4 Ne3 10. Bxe3 fxe3 11. Qd3 Nd7 12. Qxe3 c5 13. d5 Bf5 14. Nc3 Bf6 15. Rac1 a6 16. Kh1 Qc7 17. Ng5 Rae8 18. Qd2 Bg6 19. Ba4 Re5 20. Nf3 Rh5 21. d6 Qd8 22. g4 Rh3 23. Qg2 Rxf3 24. Qxf3 Ne5 25. Qd5 Nxg4 26. Rce1 Qb6 27. Re2 Bd8 28. d7 Nf6 29. Qd2 Qc7 30. Nd5 Nxd5 31. Qxd5 Qa5 32. Re8 Qxa4 33. Rfe1 1-0

[Event "NOR-chT West Nord 0910"]
[Site "Norway"]
[Date "2010.02.14"]
[Round "5"]
[White "Eriksen, Bjarne"]
[Black "Saevareid, Ove"]
[Result "1/2-1/2"]
[WhiteElo "1931"]
[BlackElo "2132"]
[PlyCount "82"]
[EventDate "2009.11.08"]
[EventType "team-tourn"]
[EventRounds "5"]
[EventCountry "NOR"]
[SourceTitle "EXT 2012"]
[Source "ChessBase"]
[SourceDate "2011.11.24"]
[SourceVersion "1"]
[SourceVersionDate "2011.11.24"]
[SourceQuality "1"]

1. e4 e5 2. Nf3 Nc6 3. Bb5 Nf6 4. 0-0 Nxe4 5. Re1 Nd6 6. Nxe5 Be7 7. Bf1 Nxe5 8. Rxe5 0-0 9. d4 Bf6 10. Re1 Nf5 11. c3 d5 12. Bf4 c6 13. Nd2 Be6 14. Bd3 g6 15. Nf3 Ng7 16. Qd2 Bf5 17. h3 Bxd3 18. Qxd3 Ne6 19. Be5 Re8 20. Bxf6 Qxf6 21. Ne5 Qg5 22. Qf3 Qf4 23. Re3 Qxf3 24. Nxf3 f6 25. g3 Kf7 26. Rae1 Nc7 27. Kf1 a5 28. R1e2 a4 29. a3 Rxe3 30. Rxe3 Nb5 31. Ne1 Nd6 32. Nd3 Nc4 33. Re2 Re8 34. Rxe8 Kxe8 35. Ke2 Ke7 36. h4 b6 37. Kf3 h5 38. g4 hxg4+ 39. Kxg4 Ke6 40. Nf4+ Kf7 41. Nd3 Ke6 1/2-1/2

[Event "Gausdal op-A"]
[Site "Gausdal"]
[Date "2008.04.10"]
[Round "3"]
[White "Ofstad, Per"]
[Black "Saevareid, Ove"]
[Result "1/2-1/2"]
[WhiteElo "2155"]
[BlackElo "2162"]
[PlyCount "27"]
[EventDate "2008.04.08"]
[EventType "swiss"]
[EventRounds "9"]
[EventCountry "NOR"]
[SourceTitle "CBM 123 Extra"]
[Source "ChessBase"]
[SourceDate "2008.05.06"]
[SourceVersion "1"]
[SourceVersionDate "2008.05.06"]
[SourceQuality "1"]

1. e4 c5 2. Nf3 Nc6 3. d4 cxd4 4. Nxd4 Qb6 5. Nb3 Nf6 6. Bd3 d5 7. exd5 Nxd5 8. 0-0 e6 9. N1d2 Be7 10. Nf3 Qc7 11. Re1 b6 12. Nbd4 Nxd4 13. Nxd4 0-0 14. c3 1/2-1/2